[Event "Titled Tuesday intern op 15th Nov Late"]
[Site "Chess.com INT"]
[Date "2022.11.15"]
[Round "4"]
[White "Sargsyan, Anna M"]
[Black "Vinuela Diaz, Saul"]
[Result "1-0"]
[WhiteElo "2384"]
[BlackElo "2311"]
[PlyCount "159"]
[EventDate "2022.11.15"]
[EventType "swiss (blitz)"]
[EventRounds "11"]
[EventCountry "USA"]
[SourceTitle "CBM 211 Extra"]
[Source "ChessBase"]
[SourceDate "2023.01.31"]
[SourceVersion "1"]
[SourceVersionDate "2023.01.31"]
[SourceQuality "1"]

1. d4 d5 2. c4 dxc4 3. Nf3 Nf6 4. e3 e6 5. Bxc4 c5 6. 0-0 a6 7. Nbd2 b5 8. Bd3 Bb7 9. a4 b4 10. Nc4 Nbd7 11. Qe2 Rc8 12. Rd1 Qc7 13. Nfe5 Be7 14. Nxd7 Nxd7 15. e4 cxd4 16. e5 Nc5 17. b3 Nxb3 18. Rb1 Nc5 19. Nb2 0-0 20. Bf4 Qc6 21. f3 Nxd3 22. Nxd3 Qxa4 23. Bd2 a5 24. Qf2 Qb5 25. Be1 Rfd8 26. h4 b3 27. h5 h6 28. Qg3 Rc3 29. Nf2 Rc2 30. Ng4 Bg5 31. Bf2 Rxf2 32. Qxf2 d3 33. f4 Be7 34. Qg3 Kf8 35. Nf2 d2 36. Rxb3 Qd5 37. Rd3 Qa2 38. Rxd8+ Bxd8 39. Qd3 Qd5 40. Qxd5 Bxd5 41. Rxd2 Bb6 42. Rb2 Be3 43. Kf1 Bxf4 44. Nd3 Bc4 45. Ke2 Bxd3+ 46. Kxd3 Bxe5 47. Rb5 Bc7 48. Rc5 Bd6 49. Rxa5 Ke7 50. Ke4 Kf6 51. g4 Bb4 52. Ra7 Bd2 53. Rb7 Bg5 54. Rb5 g6 55. hxg6 Kxg6 56. Rb8 Bf6 57. Kf3 h5 58. Rg8+ Kh7 59. Rf8 hxg4+ 60. Kxg4 Kg6 61. Ra8 Be7 62. Rg8+ Kh7 63. Re8 Bd6 64. Rd8 Be7 65. Rd7 Bf8 66. Rxf7+ Kg8 67. Rd7 Bg7 68. Kf4 e5+ 69. Ke4 Kh7 70. Kf5 Kh6 71. Rd1 Kh7 72. Rh1+ Kg8 73. Kg6 Bh8 74. Rb1 Bg7 75. Rb8+ Bf8 76. Re8 e4 77. Rxe4 Kh8 78. Re8 Kg8 79. Rd8 Kh8 80. Rxf8# 1-0

[Event "ESP-ch rapid"]
[Site "Linares"]
[Date "2019.08.24"]
[Round "6"]
[White "Vinuela Diaz, Saul"]
[Black "Quispe Arteaga, Gabriel"]
[Result "1/2-1/2"]
[WhiteElo "2310"]
[BlackElo "2404"]
[PlyCount "86"]
[EventDate "2019.08.24"]
[EventType "swiss (rapid)"]
[EventRounds "9"]
[EventCountry "ESP"]
[SourceTitle "EXT 2020"]
[Source "ChessBase"]
[SourceDate "2019.10.17"]
[SourceVersion "1"]
[SourceVersionDate "2019.10.17"]
[SourceQuality "1"]

1. d4 Nf6 2. Bf4 e6 3. e3 b6 4. Nf3 Bb7 5. Be2 h6 6. h3 Bd6 7. 0-0 Bxf4 8. exf4 0-0 9. Nbd2 d6 10. Bd3 Nbd7 11. Re1 Re8 12. c3 c5 13. a4 cxd4 14. cxd4 Nd5 15. f5 e5 16. dxe5 dxe5 17. Bb5 a6 18. Bxd7 Qxd7 19. Nc4 Rad8 20. Qb1 f6 21. Ra3 b5 22. axb5 axb5 23. Ne3 Nf4 24. Rd1 Qc6 25. Rc3 Ne2+ 26. Kh2 Nxc3 27. bxc3 Qxc3 28. Qxb5 Bxf3 29. gxf3 Kh7 30. Rg1 e4 31. f4 Qc7 32. Rg4 Qd7 33. Qb1 Qf7 34. Qg1 Rd2 35. Rg6 Ra8 36. Qg3 Raa2 37. Ng4 e3 38. Qxe3 Qa7 39. Qg3 Rxf2+ 40. Nxf2 Rxf2+ 41. Kh1 Qa1+ 42. Qg1 Rf1 43. Rxg7+ Kh8 1/2-1/2

[Event "ESP-chT CECLUB Div2"]
[Site "Linares"]
[Date "2019.08.20"]
[Round "2.3"]
[White "Adla, Diego Gustavo"]
[Black "Vinuela Diaz, Saul"]
[Result "1-0"]
[WhiteElo "2424"]
[BlackElo "2310"]
[PlyCount "59"]
[EventDate "2019.08.19"]
[EventType "team-swiss"]
[EventRounds "7"]
[EventCountry "ESP"]
[SourceTitle "EXT 2020"]
[Source "ChessBase"]
[SourceDate "2019.10.17"]
[SourceVersion "1"]
[SourceVersionDate "2019.10.17"]
[SourceQuality "1"]
[WhiteTeam "Casablanca Stadium"]
[BlackTeam "Covadonga Cultura"]
[WhiteTeamCountry "ESP"]
[BlackTeamCountry "ESP"]

1. c4 Nf6 2. Nc3 e6 3. e4 d5 4. e5 d4 5. exf6 dxc3 6. bxc3 Qxf6 7. Nf3 Nd7 8. d4 h6 9. Bd3 c5 10. 0-0 Bd6 11. Re1 0-0 12. Qe2 Rd8 13. Ba3 Rb8 14. Qe4 g6 15. Rad1 b6 16. Bc1 Bb7 17. d5 Bf8 18. h4 Qg7 19. Bf4 Rbc8 20. Qe3 exd5 21. cxd5 Qxc3 22. h5 c4 23. hxg6 cxd3 24. gxf7+ Kh7 25. Qe4+ Kh8 26. Ne5 Nf6 27. Qf5 Rd6 28. Ng6+ Kg7 29. Nxf8 Rxd5 30. Qg6+ 1-0

[Event "Villa de Gijon op 5th"]
[Site "Gijon"]
[Date "2019.07.23"]
[Round "2"]
[White "Grigoryan, Karen H"]
[Black "Vinuela Diaz, Saul"]
[Result "1-0"]
[WhiteElo "2549"]
[BlackElo "2280"]
[PlyCount "93"]
[EventDate "2019.07.22"]
[EventType "swiss"]
[EventRounds "9"]
[EventCountry "ESP"]
[SourceTitle "CBM 191 Extra"]
[Source "ChessBase"]
[SourceDate "2019.09.30"]
[SourceVersion "1"]
[SourceVersionDate "2019.09.30"]
[SourceQuality "1"]

1. e4 c5 2. Nc3 Nc6 3. Bb5 Nd4 4. Bc4 e6 5. Nf3 a6 6. Nxd4 cxd4 7. Ne2 b5 8. Bd3 e5 9. c3 dxc3 10. dxc3 d5 11. 0-0 Bb7 12. Ng3 Nf6 13. Qe2 Bd6 14. Rd1 dxe4 15. Bxe4 Nxe4 16. Nxe4 Bxe4 17. Qxe4 0-0 18. a4 bxa4 19. Rxa4 Qb6 20. b4 Rac8 21. Be3 Qc6 22. Qxc6 Rxc6 23. c4 Rb8 24. b5 axb5 25. cxb5 Rxb5 26. Ra8+ Bf8 27. g4 f5 28. Rdd8 Rf6 29. Bg5 Rbb6 30. Bxf6 Rxf6 31. g5 Rf7 32. f3 g6 33. Re8 e4 34. f4 Kg7 35. Kg2 Kg8 36. Kg3 Kg7 37. h4 Kg8 38. h5 gxh5 39. Kh4 Kg7 40. Kxh5 e3 41. Rxe3 Rc7 42. Ree8 Rc1 43. Ra7+ Kg8 44. g6 hxg6+ 45. Kxg6 Rc6+ 46. Kxf5 Rc5+ 47. Ke4 1-0

[Event "ESP-chT CECLUB Div2"]
[Site "Linares"]
[Date "2018.08.16"]
[Round "4.3"]
[White "Vinuela Diaz, Saul"]
[Black "Moreno Trujillo, Alejandro"]
[Result "0-1"]
[WhiteElo "2216"]
[BlackElo "2497"]
[PlyCount "54"]
[EventDate "2018.08.14"]
[EventType "team-swiss"]
[EventRounds "7"]
[EventCountry "ESP"]
[SourceTitle "CBM 186 Extra"]
[Source "ChessBase"]
[SourceDate "2018.08.24"]
[SourceVersion "1"]
[SourceVersionDate "2018.08.24"]
[SourceQuality "1"]
[WhiteTeam "Covadonga Cultura"]
[BlackTeam "Villalba 64"]
[WhiteTeamCountry "ESP"]
[BlackTeamCountry "ESP"]

1. Nf3 Nf6 2. c4 c5 3. g3 d5 4. cxd5 Nxd5 5. Bg2 Nc6 6. d4 Nf6 7. Qa4 Bd7 8. dxc5 e5 9. Qc4 Qa5+ 10. Nc3 Qxc5 11. Qh4 Be7 12. Bg5 Ng4 13. 0-0 f6 14. Bd2 f5 15. Bg5 e4 16. Bxe7 Nxe7 17. Ng5 Qe5 18. Rad1 Ng6 19. Qh3 Nf6 20. Rxd7 Nxd7 21. Rd1 Nf6 22. Bxe4 fxe4 23. Ncxe4 0-0 24. Rd7 h6 25. f4 Qe8 26. Rd6 Nxe4 27. Re6 Nxg5 0-1

[Event "ESP-chT CECLUB Div2"]
[Site "Linares"]
[Date "2018.08.15"]
[Round "3.8"]
[White "Centron Antuna, Daniel"]
[Black "Vinuela Diaz, Saul"]
[Result "1/2-1/2"]
[WhiteElo "2231"]
[BlackElo "2216"]
[PlyCount "34"]
[EventDate "2018.08.14"]
[EventType "team-swiss"]
[EventRounds "7"]
[EventCountry "ESP"]
[SourceTitle "CBM 186 Extra"]
[Source "ChessBase"]
[SourceDate "2018.08.24"]
[SourceVersion "1"]
[SourceVersionDate "2018.08.24"]
[SourceQuality "1"]
[WhiteTeam "Grupo 64"]
[BlackTeam "Covadonga Cultura"]
[WhiteTeamCountry "ESP"]
[BlackTeamCountry "ESP"]

1. d4 Nf6 2. Nf3 d5 3. c4 e6 4. g3 Be7 5. Bg2 0-0 6. 0-0 dxc4 7. Ne5 Nc6 8. Bxc6 bxc6 9. Nxc6 Qe8 10. Nxe7+ Qxe7 11. Qc2 e5 12. dxe5 Qxe5 13. Qxc4 Be6 14. Qc2 Bf5 15. Qc4 Be6 16. Qc2 Bf5 17. Qc4 Be6 1/2-1/2

[Event "ESP-chT CECLUB Div2"]
[Site "Linares"]
[Date "2018.08.15"]
[Round "2.5"]
[White "Vinuela Diaz, Saul"]
[Black "Lopez Mulet, Inigo"]
[Result "1/2-1/2"]
[WhiteElo "2216"]
[BlackElo "2395"]
[PlyCount "94"]
[EventDate "2018.08.14"]
[EventType "team-swiss"]
[EventRounds "7"]
[EventCountry "ESP"]
[SourceTitle "CBM 186 Extra"]
[Source "ChessBase"]
[SourceDate "2018.08.24"]
[SourceVersion "1"]
[SourceVersionDate "2018.08.24"]
[SourceQuality "1"]
[WhiteTeam "Covadonga Cultura"]
[BlackTeam "Casareno iAcere"]
[WhiteTeamCountry "ESP"]
[BlackTeamCountry "ESP"]

1. Nf3 d5 2. c4 e6 3. g3 Nf6 4. d4 Bb4+ 5. Bd2 Bd6 6. Bg2 0-0 7. 0-0 c6 8. Qb3 b6 9. Bg5 Nbd7 10. Nc3 h6 11. Bxf6 Nxf6 12. Nd2 Bb7 13. e4 Be7 14. Rfd1 c5 15. exd5 cxd4 16. d6 Bxg2 17. dxe7 Qxe7 18. Kxg2 dxc3 19. Qxc3 Rac8 20. Qf3 Rc5 21. Re1 Rd8 22. Rad1 Ra5 23. a3 Rc5 24. b3 Rcc8 25. a4 Rd7 26. Ne4 Nxe4 27. Qxe4 Rcd8 28. Qf3 Rd6 29. h4 Qd7 30. Rxd6 Qxd6 31. Qb7 Rd7 32. Qa8+ Qf8 33. Qxf8+ Kxf8 34. Re5 Ke7 35. a5 Kd6 36. Rb5 Kc6 37. axb6 axb6 38. g4 Rd3 39. f3 Rc3 40. Kg3 Rd3 41. Kf4 Rd4+ 42. Ke3 Rd1 43. h5 Re1+ 44. Kf2 Rb1 45. Ke3 Re1+ 46. Kf2 Rb1 47. Ke3 Re1+ 1/2-1/2

[Event "ESP-ch rapid"]
[Site "Linares"]
[Date "2017.08.13"]
[Round "5"]
[White "Bernal Moro, Luis Javier"]
[Black "Vinuela Diaz, Saul"]
[Result "1-0"]
[WhiteElo "2413"]
[BlackElo "2193"]
[PlyCount "63"]
[EventDate "2017.08.13"]
[EventType "swiss (rapid)"]
[EventRounds "9"]
[EventCountry "ESP"]
[SourceTitle "CBM 179 Extra"]
[Source "ChessBase"]
[SourceDate "2017.08.23"]
[SourceVersion "1"]
[SourceVersionDate "2017.08.23"]
[SourceQuality "1"]

1. c4 Nf6 2. Nc3 e6 3. e4 c5 4. Nf3 d6 5. d4 cxd4 6. Nxd4 Be7 7. Bd3 0-0 8. 0-0 b6 9. f4 Bb7 10. Qe2 Nbd7 11. b3 a6 12. Bb2 Qc7 13. Rae1 Rfd8 14. Kh1 Rac8 15. b4 Qb8 16. a3 Qa8 17. Nf3 h5 18. Nd1 b5 19. cxb5 axb5 20. Nc3 e5 21. fxe5 Nxe5 22. Bxb5 Rxc3 23. Bxc3 Nxe4 24. Bb2 Nxf3 25. Rxf3 h4 26. Bd3 Ng5 27. Qxe7 Nxf3 28. gxf3 Bxf3+ 29. Kg1 Bd5 30. Qg5 Qa7+ 31. Kf1 f6 32. Qxd5+ 1-0

[Event "ESP-chT CECLUB Div2"]
[Site "Linares"]
[Date "2017.08.11"]
[Round "5.7"]
[White "Montoliu Cervero, Francisco"]
[Black "Vinuela Diaz, Saul"]
[Result "1/2-1/2"]
[WhiteElo "2384"]
[BlackElo "2193"]
[PlyCount "93"]
[EventDate "2017.08.08"]
[EventType "team"]
[EventRounds "7"]
[EventCountry "ESP"]
[SourceTitle "CBM 179 Extra"]
[Source "ChessBase"]
[SourceDate "2017.08.23"]
[SourceVersion "1"]
[SourceVersionDate "2017.08.23"]
[SourceQuality "1"]
[WhiteTeam "Manises Eva"]
[BlackTeam "Grupo 64"]
[WhiteTeamCountry "ESP"]
[BlackTeamCountry "ESP"]

1. e4 c5 2. Nf3 d6 3. d4 cxd4 4. Nxd4 Nf6 5. Nc3 a6 6. Be3 e5 7. Nb3 Be6 8. f3 Be7 9. Qd2 0-0 10. 0-0-0 a5 11. a4 Nc6 12. g4 Nb4 13. g5 Nh5 14. Kb1 f5 15. Bh3 Qc8 16. exf5 Bxf5 17. Bxf5 Qxf5 18. Nd5 Nxd5 19. Qxd5+ Kh8 20. Qxb7 Rfc8 21. Rd3 Bxg5 22. Bxg5 Qxg5 23. Rxd6 Qg2 24. Rhd1 Qxc2+ 25. Ka2 Qc4 26. Qb5 Qf4 27. Qxa5 Qxa4+ 28. Qxa4 Rxa4+ 29. Kb1 Kg8 30. Rd8+ Rxd8 31. Rxd8+ Kf7 32. Nc5 Rh4 33. Rd2 Nf6 34. Ka2 g5 35. Re2 g4 36. fxg4 Nxg4 37. Re4 h5 38. b4 Rxh2+ 39. Kb3 Ke7 40. b5 Rh1 41. Kb2 Kd6 42. b6 Rh2+ 43. Ka3 Kxc5 44. b7 Rh3+ 45. Kb2 Rh2+ 46. Kc3 Rh3+ 47. Kb2 1/2-1/2

[Event "ESP-ch rapid"]
[Site "Linares"]
[Date "2016.08.14"]
[Round "8"]
[White "Ljubojevic, Ljubomir"]
[Black "Vinuela Diaz, Saul"]
[Result "1-0"]
[WhiteElo "2571"]
[BlackElo "2170"]
[PlyCount "45"]
[EventDate "2016.08.14"]
[EventType "swiss (rapid)"]
[EventRounds "9"]
[EventCountry "ESP"]
[SourceTitle "CBM 173 Extra"]
[Source "ChessBase"]
[SourceDate "2016.08.29"]
[SourceVersion "1"]
[SourceVersionDate "2016.08.29"]
[SourceQuality "1"]

1. c4 Nf6 2. d4 c5 3. d5 b5 4. cxb5 a6 5. bxa6 g6 6. Nc3 Bxa6 7. g3 Bg7 8. Bg2 d6 9. Nf3 Nbd7 10. 0-0 0-0 11. Qc2 Qa5 12. Rd1 Ng4 13. Bd2 Rfb8 14. Be1 Ra7 15. h3 Nge5 16. Nxe5 Nxe5 17. b3 c4 18. b4 Qc7 19. Rab1 Bc8 20. f4 Nd7 21. a4 Rxb4 22. Rxb4 Qc5+ 23. Bf2 1-0

[Event "ESP-chT CECLUB Div2"]
[Site "Linares"]
[Date "2014.08.19"]
[Round "3.5"]
[White "Moreno Trujillo, Alejandro"]
[Black "Vinuela Diaz, Saul"]
[Result "1-0"]
[WhiteElo "2525"]
[BlackElo "2145"]
[PlyCount "49"]
[EventDate "2014.08.18"]
[EventType "team-swiss"]
[EventRounds "6"]
[EventCountry "ESP"]
[SourceTitle "CBM 162 Extra"]
[Source "ChessBase"]
[SourceDate "2014.10.17"]
[SourceVersion "1"]
[SourceVersionDate "2014.10.17"]
[SourceQuality "1"]
[WhiteTeam "Villalba 64"]
[BlackTeam "Grupo 64"]
[WhiteTeamCountry "ESP"]
[BlackTeamCountry "ESP"]

1. d4 d5 2. c4 Nc6 3. cxd5 Qxd5 4. e3 e5 5. Nc3 Bb4 6. Bd2 Bxc3 7. bxc3 Nf6 8. f3 0-0 9. Bd3 exd4 10. cxd4 Re8 11. Ne2 Bf5 12. Bxf5 Qxf5 13. Qb1 Qd7 14. 0-0 Nd5 15. Qb3 Rad8 16. e4 Nb6 17. Bc3 Kh8 18. Rad1 f5 19. Ng3 Ne7 20. Ba1 Qa4 21. Qb2 Qc6 22. Rc1 Qd7 23. d5 Rg8 24. Nh5 Na4 25. Qe5 1-0

[Event "Asturias-ch Juvenil"]
[Site "Oviedo"]
[Date "2012.12.27"]
[Round "2.1"]
[White "Yanes Crespo, Javier"]
[Black "Vinuela Diaz, Saul"]
[Result "0-1"]
[WhiteElo "1620"]
[BlackElo "1935"]
[PlyCount "112"]
[EventDate "2012.12.26"]
[EventType "swiss"]
[EventRounds "5"]
[EventCountry "ESP"]
[SourceTitle "EXT 2024"]
[Source "ChessBase"]
[SourceDate "2023.10.10"]
[SourceVersion "1"]
[SourceVersionDate "2023.10.10"]
[SourceQuality "1"]

1. d4 c5 2. dxc5 e6 3. Nf3 Bxc5 4. e3 Nf6 5. Bd3 b6 6. b3 Bb7 7. Bb2 0-0 8. c4 Be7 9. Nbd2 Na6 10. Rc1 Nc5 11. Bb1 a5 12. Qc2 Nfe4 13. Nxe4 Bxe4 14. Qe2 f5 15. Bxe4 fxe4 16. Ne5 Bf6 17. 0-0 Bxe5 18. Bxe5 Nd3 19. Bc3 Nxc1 20. Qg4 Ne2+ 21. Qxe2 Qg5 22. Rd1 Rfd8 23. Rd6 b5 24. Rd4 bxc4 25. Rxc4 Rdc8 26. g3 Qf5 27. Bd4 d5 28. Rc5 Qf8 29. Qb5 Rxc5 30. Qxc5 Qxc5 31. Bxc5 Rc8 32. b4 axb4 33. Bxb4 Rc1+ 34. Kg2 Ra1 35. a3 Ra2 36. g4 Kf7 37. Bc3 Rxa3 38. Be5 Ra2 39. Kg3 Re2 40. Kg2 Kg6 41. h3 h5 42. gxh5+ Kxh5 43. Bxg7 Kg6 44. Be5 Kf5 45. Kf1 Rc2 46. Bd4 e5 47. Bb6 Rb2 48. Ba7 Ra2 49. Bc5 Ra4 50. h4 d4 51. exd4 exd4 52. h5 Kg5 53. Ke2 Kxh5 54. f3 e3 55. f4 Ra2+ 56. Kd3 Rd2+ 0-1